000 00349nam a22001457a 4500
008 180223b xxu||||| |||| 00| 0 eng d
020 _a0914362429
041 _aeng
080 _a610.73 RYA
082 _a610.73 RYA
100 _a1
101 _aINF
245 _aEnhancing interactions between nursing and medicine
_cRyan,S.A
942 _2udc
_cBK
999 _c43285
_d43285